000 00647nas a2200241 4500
001 BR9201047
003 BR-BrBNA
005 20231205092337.0
007 ta
008 230509b bl.|||p| |||| 00| 00por d
040 _aBR-BrBNA
_bpor
_cBiblioteca Nacional de Agricultura
041 _a(Pt)
072 _aH10
100 1 _aBarbosa, S.
245 1 _a"Moleque" praga das bananeiras
650 _aBANANA
650 _aMOLEQUE
650 _aCONTROLE CULTURAL
650 _aPRATICO
773 0 _tCerrado (Brazil)
_xISSN 0100-0578
_g(Sep 1970), v. 3(9) p. 30-32
_wBR9201047
909 _a202311
_bLúcia
_c55
_dLúcia Elande
942 _2AGRIS
_n0
_cANA
999 _c131072
_d131072